000 00266nam a22001217a 4500
008 170530b xxu||||| |||| 00| 0 eng d
041 _aeng
080 _a94(7/8)
100 _a16
101 _aIM
245 _aELSAVADOR COUNTRY GUIDE
_cBARRY.T
942 _2udc
_cBK
999 _c14991
_d14991